000 01437cam a22003011i 4500
003 SA-RiAUC
005 20250205081225.0
008 250129s2017____su f 000 0 ara c
020 _a9786030224746
040 _aSA-JeALM
_bara
_cSA-RiAUC
_erda
043 _ama-----
082 0 4 _a346.151
_qSA-RiAUC
090 _a346.151
_bز ي د
100 1 _aالزيد، عبد العزيز محمد حمد،
_d1364 هجري-
_eمؤلف.
245 1 2 _aالعدالة المغيبة مأخذ على قوانين المواريث والوصايا والأوقاف في بعض البلاد العربية مع مناقشة لفكرة دعاة التقريب /
_cتأليف عبد العزيز بن محمد الزيد.
250 _aالطبعة الأولى.
264 1 _aالطائف، السعودية :
_bدار الطرفين،
_c2017
300 _a640 صفحة ؛
_c24 سم
336 _aنص
_btxt
_2rdacontent
_3كتاب
337 _aبدون وسيط
_bn
_2rdamedia
338 _aمجلد
_bnc
_2rdacarrier
500 _aهدية من المؤلف عبدالعزيز بن محمد الزيد
650 7 _aالمواريث
_xقوانين وتشريعات
_zالبلاد العربية
_2aucsh
650 7 _aالوصايا (قانون)
_zالبلاد العربية
_2aucsh
650 7 _aالوقف
_xقوانين وتشريعات
_zالبلاد العربية
_2aucsh
942 _2ddc
_cBOOK
_n0
949 _aSA-JeALM
_d250129
_uosman123
_n1
999 _c5622
_d5622